01628namaa2200157 a 4500008004100000020001500041041000800056100001900064245004900083250008800132260003000220300001000250500008100260505111400341655001501455190531s1982 es ||||| |||| 00| f spa d a8434580187 aspa1 aPavese, Cesare3 aEl diablo sobre las colinas /bCesare Pavese a1a ed.bPrólogo José Carlos Mainer Baque ; Traducción M. Carmen Garcia Lecha. aEspaña:bSalvat;c1982. a159 p aPavese, C. (1982). El diablo sobre las colinas. (1a ed.). España : Salvat. aLa corta y desdichada vida de Cesare Pavese tiene un aire desesperado y romántico que nos hace pensar en Leopardi, en Baudelaire o en cualquiera otra de las biografías que tantas veces recordó en su diario el escrito italiano. Contra Pavese se concitaron como encarnizados enemigos los titubeos, las imposibilidades y los fracasos que caracterizan al intelectual de nuestro tiempo, aumentados en su caso por el enfermizo retraimiento y un implacable descontento de si mismo: atravesó desasosegantes crisis religiosas y políticas (que no conjugaron ni el abandono de la religión ni la adhesión en 1945, al partido comunista); vivió una guerra internacional que en su país se convirtió en guerra civil entre partisanos y fascistas; padeció persecuciones bajo el régimen de Mussolini y, tras un período de confinamiento, tomó parte en la lucha clandestina; tuvo íntimas dificultades para realizarse sexualmente y sus fracasos segregaron una singular misoginia; sufrió angustiosas dudas sobre la validez de su profesión de escritor y fue el más lúcido crítico de si mismo.  aLiteratura